<?xml version="1.0" encoding="UTF-8"?><?xml-stylesheet type="text/xsl" href="static/style.xsl"?><OAI-PMH xmlns="http://www.openarchives.org/OAI/2.0/" xmlns:xsi="http://www.w3.org/2001/XMLSchema-instance" xsi:schemaLocation="http://www.openarchives.org/OAI/2.0/ http://www.openarchives.org/OAI/2.0/OAI-PMH.xsd"><responseDate>2026-04-14T04:23:42Z</responseDate><request verb="GetRecord" identifier="oai:www.recercat.cat:20.500.12328/1405" metadataPrefix="marc">https://recercat.cat/oai/request</request><GetRecord><record><header><identifier>oai:recercat.cat:20.500.12328/1405</identifier><datestamp>2025-05-20T00:03:52Z</datestamp><setSpec>com_2072_67741</setSpec><setSpec>col_2072_484352</setSpec></header><metadata><record xmlns="http://www.loc.gov/MARC21/slim" xmlns:dcterms="http://purl.org/dc/terms/" xmlns:xsi="http://www.w3.org/2001/XMLSchema-instance" xmlns:doc="http://www.lyncode.com/xoai" xsi:schemaLocation="http://www.loc.gov/MARC21/slim http://www.loc.gov/standards/marcxml/schema/MARC21slim.xsd">
   <leader>00925njm 22002777a 4500</leader>
   <datafield ind2=" " ind1=" " tag="042">
      <subfield code="a">dc</subfield>
   </datafield>
   <datafield ind2=" " ind1=" " tag="720">
      <subfield code="a">Fernandez, Rafael</subfield>
      <subfield code="e">author</subfield>
   </datafield>
   <datafield ind2=" " ind1=" " tag="720">
      <subfield code="a">Cano Hernandez, Silvia</subfield>
      <subfield code="e">author</subfield>
   </datafield>
   <datafield ind2=" " ind1=" " tag="720">
      <subfield code="a">Catalan, Ignacio</subfield>
      <subfield code="e">author</subfield>
   </datafield>
   <datafield ind2=" " ind1=" " tag="720">
      <subfield code="a">Rubio Sanchiz, Olga</subfield>
      <subfield code="e">author</subfield>
   </datafield>
   <datafield ind2=" " ind1=" " tag="720">
      <subfield code="a">Subirà Cuyàs, Carles</subfield>
      <subfield code="e">author</subfield>
   </datafield>
   <datafield ind2=" " ind1=" " tag="720">
      <subfield code="a">Masclans, Jaume</subfield>
      <subfield code="e">author</subfield>
   </datafield>
   <datafield ind2=" " ind1=" " tag="720">
      <subfield code="a">Rognoni, Gina</subfield>
      <subfield code="e">author</subfield>
   </datafield>
   <datafield ind2=" " ind1=" " tag="720">
      <subfield code="a">Ventura, Lara</subfield>
      <subfield code="e">author</subfield>
   </datafield>
   <datafield ind2=" " ind1=" " tag="720">
      <subfield code="a">Macharete, Caroline</subfield>
      <subfield code="e">author</subfield>
   </datafield>
   <datafield ind2=" " ind1=" " tag="720">
      <subfield code="a">Winfield, Len</subfield>
      <subfield code="e">author</subfield>
   </datafield>
   <datafield ind2=" " ind1=" " tag="720">
      <subfield code="a">Alcoverro, Josep Mª.</subfield>
      <subfield code="e">author</subfield>
   </datafield>
   <datafield ind2=" " ind1=" " tag="260">
      <subfield code="c">2018-11-16</subfield>
   </datafield>
   <datafield ind2=" " ind1=" " tag="520">
      <subfield code="a">Background: High red blood cell distribution width (RDW) is associated with worse outcome in diverse scenarios, including in critical illness. The Sabadell score (SS) predicts in-hospital survival after ICU discharge. We aimed to determine RDW’s association with survival after ICU discharge and whether RDW can improve the accuracy of the SS. Design: Retrospective cohort study. Setting: general ICU at a university hospital. Patients: We included all patients discharged to wards from January 2010 to October 2016. Methods: We analyzed associations between RDW and variables recorded on admission (age, comorbidities, severity score), during the ICU stay (treatments, complications, length of stay (LOS)), and at ICU discharge (SS). The primary outcome was hospital mortality. Statistical analysis included multivariable logistic regression and receiver operating characteristic curve (ROC) analyses. Results: We discharged 3366 patients to wards; median ward LOS was 7 [4–13] days; ward mortality was 5.2%. Mean RDW at ICU discharge was 15.4 ± 2.5%. Ward mortality was higher at each quartile of RDW (0.7%, 2.9%, 7.5%, 10.3%; area under ROC 0.81). A logistic regression model with Sabadell score obtained an excellent accuracy for ward mortality (area under ROC 0.863), and the addition of RDW slightly improved accuracy (AUROC 0.890, p &lt; 0.05). Recursive partitioning demonstrated higher mortality in patients with high RDW at each SS level (1.6% vs. 0.3% in SS0, 9.7% vs. 1.1% in SS1, 21.9% vs. 9.7% in SS2), but not in SS3. Conclusion: High RDW is a marker of severity at ICU discharge and improves the accuracy of Sabadell score in predicting ward mortality except in the more extreme SS3.</subfield>
   </datafield>
   <datafield ind1="8" ind2=" " tag="024">
      <subfield code="a">Fernandez, Rafael; Cano, Silvia; Catalan, Ignacio [et al.]. High red blood cell distribution width as a marker of hospital mortality after ICU discharge: a cohort study. Journal of Intensive Care, 2018, vol. 6, p. 1-7. Disponible en: &lt;https://jintensivecare.biomedcentral.com/articles/10.1186/s40560-018-0343-3#Ack1>. Fecha de acceso: 22 dic. 2019. DOI: 10.1186/s40560-018-0343-3.</subfield>
   </datafield>
   <datafield ind1="8" ind2=" " tag="024">
      <subfield code="a">2052-0492</subfield>
   </datafield>
   <datafield ind1="8" ind2=" " tag="024">
      <subfield code="a">http://hdl.handle.net/20.500.12328/1405</subfield>
   </datafield>
   <datafield ind1="8" ind2=" " tag="024">
      <subfield code="a">https://dx.doi.org/10.1186/s40560-018-0343-3</subfield>
   </datafield>
   <datafield tag="653" ind2=" " ind1=" ">
      <subfield code="a">Mortalitat</subfield>
   </datafield>
   <datafield tag="653" ind2=" " ind1=" ">
      <subfield code="a">Marcadors bioquímics</subfield>
   </datafield>
   <datafield tag="653" ind2=" " ind1=" ">
      <subfield code="a">Cèl·lules sanguínies</subfield>
   </datafield>
   <datafield tag="653" ind2=" " ind1=" ">
      <subfield code="a">Mortalidad</subfield>
   </datafield>
   <datafield tag="653" ind2=" " ind1=" ">
      <subfield code="a">Marcadores bioquímicos</subfield>
   </datafield>
   <datafield tag="653" ind2=" " ind1=" ">
      <subfield code="a">Células sanguíneas</subfield>
   </datafield>
   <datafield tag="653" ind2=" " ind1=" ">
      <subfield code="a">Mortality</subfield>
   </datafield>
   <datafield tag="653" ind2=" " ind1=" ">
      <subfield code="a">Biomarkers</subfield>
   </datafield>
   <datafield tag="653" ind2=" " ind1=" ">
      <subfield code="a">Blood cells</subfield>
   </datafield>
   <datafield ind2="0" ind1="0" tag="245">
      <subfield code="a">High red blood cell distribution width as a marker of hospital mortality after ICU discharge: a cohort study</subfield>
   </datafield>
</record></metadata></record></GetRecord></OAI-PMH>